| Registos Bibliográficos associados ao registo de autoridade |
|
Etiqueta de registo: 00864cam 2200253 450 001 607969 003 http://id.bnportugal.gov.pt/bib/catbnp/607969 005 19990104000000.0 095 ## $aPTBN00818306 100 ## $a19960626d1995 k y0pory0103 ba 101 0# $apor$deng 102 ## $aPT 105 ## $aa m 001yy 106 ## $ar 200 1# $aCaracterização mecânica de biomateriais implantados ionicamente$fBelmira de Almeida Ferreira Neto 210 #9 $aPorto$c[s.n.],$d1995 215 ## $a115, [5] f.$cil.$d30 cm$eresumo, abstract, curriculum vitae (10 f.) 320 ## $aContém bibliografia 328 ## $aTese mestr. Eng. de Materiais, Univ. do Porto, 1995 675 ## $a621.03(043)$vBN$zpor$31252433 700 #1 $aNeto,$bBelmira de Almeida Ferreira,$f1968-$3222131 801 #0 $aPT$bBN$gRPC 930 ## $lBN$mAG$dS.A. 81617-18 V. 966 ## $d[1º v.]$lBN$mFGMON$sS.A. 81617 V.$x1 966 ## $dAnexos$lBN$mFGMON$sS.A. 81618 V.$x1
Etiqueta de registo: 00000nam 2200025 450 001 2012784 003 http://id.bnportugal.gov.pt/bib/catbnp/2012784 100 ## $a20190129d2018 k y0pory01030103ba 101 0# $aeng$dpor 102 ## $aPT 105 ## $aa m 000yy 106 ## $ar 200 1# $aPerspectives for shale gas development in Europe$e a case study in the province of Burgos, Spain$fDaniele Mesquita Bordalo da Costa$gorient. António Manuel Antunes Fiúza, Anthony Steven Danko, Belmira de Almeida Ferreira
Neto 210 #9 $aPorto$c[s.n.],$d2018 215 ## $aXXII, 231 p.$cil.$d30 cm 328 #1 $aTese dout. Philosophy in Environmental Engineering, Fac. Engenharia, Univ. Porto,
2018 675 ## $a628(460)(043)$vBN$zpor$31742657 675 ## $a504.61(460)(043)$vBN$zpor$31742658 675 ## $a662.76(460)(043)$vBN$zpor$31742659 675 ## $a620.92(460)(043)$vBN$zpor$31742660 700 #1 $aCosta,$bDaniele Mesquita Bordalo da$31739707 702 #1 $aFiúza,$bAntónio$4727$3213935 702 #1 $aDanko,$bAnthony S.$4727$31503241 702 #1 $aNeto,$bBelmira de Almeida Ferreira,$f1968-$4727$3222131 801 #0 $aPT$bBN$gRPC 966 ## $lBN$mFGMON$sS.A. 171158 V.$x1
Etiqueta de registo: 00254nam 2200025 450 001 2283751 003 http://id.bnportugal.gov.pt/bib/catbnp/2283751 100 ## $a20260406d2026 k y0pory01030103ba 101 0# $aeng$dpor 102 ## $aPT 105 ## $aa m 000yy 106 ## $ar 200 1# $aAssessing the sustainability of dietary patterns in Portugal$e a multidimensional approach based on environmental, nutritional, and economic dimensions$fJoana Margarida Bôto$gsupervisor Ada Rocha, Belmira Neto, Vera Miguéis 210 #9 $aPorto$c[s.n.],$d2026 215 ## $a1 v.$cil.$d30 cm 328 #1 $aTese dout. Ciências do Consumo Alimentar e Nutrição, Faculdade de Ciências da Nutrição
e Alimentação e Faculdade de Ciências, Universidade do Porto, 2026 700 #1 $aBôto,$bJoana Margarida$31994808 702 #1 $aRocha,$bAda$4727$3794574 702 #1 $aNeto,$bBelmira de Almeida Ferreira,$f1968-$4727$3222131 702 #1 $aSilva,$bVera Lúcia Miguéis Oliveira e$4727$31827602 801 #0 $aPT$bBN$gRPC 966 ## $lBN$mFGMON$x1 971 ## $cssilva$d20260406
|
|
|